Vivir en la Edad de Hielo

محفوظ في:

المؤلفون الرئيسيون: Clifford, Elle (مؤلف), Bahn, Paul (مؤلف)

مؤلفون آخرون: Packham, Chris (Foreword by), Hernando Álvarez, Clara (المترجم)

التنسيق: كتاب

منشور في: Oxford Archaeopress Publishing Ltd 2025

الوسوم: إضافة وسم

لا توجد وسوم, كن أول من يضع وسما على هذه التسجيلة!

رقم الطلب:

LEADER 00773namaa2200205 4500
001 9781803279695
003 UkOxAP
005 20260405155016.0
020 |a 9781803279701 
776 1 |x 9781803279695 
245 0 0 |a Vivir en la Edad de Hielo 
100 1 |a Clifford, Elle  |e Author  |l Spanish 
700 1 |a Bahn, Paul  |e Author  |l Spanish 
700 1 |a Packham, Chris  |e Foreword by  |l Spanish 
700 1 |a Hernando Álvarez, Clara  |e Translator  |l Spanish 
856 4 2 |a http://library.arce.org:8087/Archaeopress/Products/9781803279701 
260 |a Oxford  |b Archaeopress Publishing Ltd  |c 2025 
270 |a Archaeopress Publishing Ltd, Summertown Pavillion, 18 -24 Middle Way, Summertown  |b Oxford  |d United Kingdom  |e OX2 7LG  |k 44-1865-311914  |m info@archaeopress.com 
942 |2 lcc  |c EBOOK 
999 |c 62085  |d 62085